[Event "EU-ch Amateur Online 1700/2000"]
[Site "Tornelo INT"]
[Date "2021.04.24"]
[Round "4"]
[White "Aydogdu, Selcan Ayberk"]
[Black "Lemoni, Maria Ioanna"]
[Result "1-0"]
[WhiteElo "1921"]
[BlackElo "1661"]
[PlyCount "173"]
[EventDate "2021.04.24"]
[EventType "swiss (rapid)"]
[EventRounds "8"]
[EventCountry "NET"]
[SourceTitle "EXT 2023"]
[Source "ChessBase"]
[SourceDate "2022.10.05"]
[SourceVersion "1"]
[SourceVersionDate "2022.10.05"]
[SourceQuality "1"]

1. d4 Nf6 2. c4 e6 3. g3 Bb4+ 4. Bd2 Qe7 5. Bg2 0-0 6. Nf3 d5 7. 0-0 c6 8. Bf4 Bd6 9. Bxd6 Qxd6 10. Nbd2 Nbd7 11. Qc2 e5 12. dxe5 Nxe5 13. Rfd1 dxc4 14. Nxc4 Nxf3+ 15. Bxf3 Qc5 16. Qd3 Bf5 17. e4 Ng4 18. Rd2 Be6 19. Ne3 Nxe3 20. fxe3 Bc4 21. Qd4 Qb5 22. a4 Qa6 23. b4 Be6 24. a5 Qb5 25. Qc5 Qxc5 26. bxc5 Rfd8 27. Rd6 Kf8 28. e5 Ke7 29. Rb1 Rab8 30. Rxd8 Kxd8 31. Bxc6 Rc8 32. Bxb7 Rxc5 33. a6 Rxe5 34. Kf2 Ra5 35. Rd1+ Kc7 36. Rc1+ Kb6 37. Rc6+ Kb5 38. Rc7 Ra2+ 39. Kg1 Kb6 40. Rc6+ Kb5 41. Rc1 Bh3 42. Rb1+ Kc5 43. Rd1 Re2 44. Rd3 Kc4 45. Rd4+ Kc3 46. Rd8 Rxe3 47. Kf2 Re6 48. Ra8 Rf6+ 49. Ke3 Re6+ 50. Kf4 h6 51. Rxa7 g5+ 52. Kf3 Rf6+ 53. Ke4 Re6+ 54. Kd5 Bg2+ 55. Kc5 Re5+ 56. Kb6 Bf1 57. Ba8 Rb5+ 58. Kc6 f5 59. Rc7 Kb4 60. Kd6 Rb6+ 61. Kd7 Rxa6 62. Bc6 Ka5 63. Rb7 Bh3 64. Rb1 f4+ 65. Kc7 fxg3 66. hxg3 Bf5 67. Re1 h5 68. Re5+ Kb4 69. Rxf5 h4 70. g4 Ra7+ 71. Kb6 Re7 72. Rxg5 Rh7 73. Rh5 Rg7 74. Rxh4 Rg5 75. Kc7 Kc5 76. Bf3 Rg7+ 77. Kd8 Kd6 78. Rh8 Ke5 79. Re8+ Kf4 80. Rf8+ Kg3 81. Bd1 Ra7 82. g5 Ra5 83. g6 Rg5 84. Bc2 Kh4 85. Rf7 Kh5 86. Ke8 Kh6 87. Rh7# 1-0

[Event "EU-ch Amateur Online 1700/2000"]
[Site "Tornelo INT"]
[Date "2021.04.24"]
[Round "5"]
[White "Lemoni, Maria Ioanna"]
[Black "Buchta, Agnieszka"]
[Result "1-0"]
[WhiteElo "1661"]
[BlackElo "1919"]
[PlyCount "85"]
[EventDate "2021.04.24"]
[EventType "swiss (rapid)"]
[EventRounds "8"]
[EventCountry "NET"]
[SourceTitle "EXT 2023"]
[Source "ChessBase"]
[SourceDate "2022.10.05"]
[SourceVersion "1"]
[SourceVersionDate "2022.10.05"]
[SourceQuality "1"]

1. c4 e5 2. g3 Nf6 3. Bg2 d5 4. cxd5 Nxd5 5. Nc3 Nb6 6. a3 Be7 7. b4 0-0 8. Bb2 Re8 9. Nf3 Bf8 10. d3 Nc6 11. 0-0 Bg4 12. h3 Bh5 13. e3 a6 14. Ne2 Qd7 15. d4 exd4 16. Nexd4 Nc4 17. Qc2 Nxb2 18. Nxc6 Qxc6 19. Qxc6 bxc6 20. Nd4 Rad8 21. Bxc6 Re5 22. Ra2 Nc4 23. Rc1 Nb6 24. Bb7 Bd6 25. Nc6 Rde8 26. Nxe5 Bxe5 27. Bxa6 f6 28. Bb5 Rd8 29. f4 Bd6 30. Kf2 Bf7 31. Rd2 Kf8 32. Rcd1 Ke7 33. e4 Nc4 34. Bxc4 Bxc4 35. e5 fxe5 36. fxe5 Rf8+ 37. Kg1 Bxe5 38. Rd7+ Ke6 39. R7d2 Rf3 40. Re1 Rxg3+ 41. Kf2 Rxh3 42. Rd8 Rh2+ 43. Kg1 1-0

[Event "EU-ch Amateur Online 1700/2000"]
[Site "Tornelo INT"]
[Date "2021.04.24"]
[Round "7"]
[White "Lemoni, Maria Ioanna"]
[Black "Ragios, Konstantinos"]
[Result "0-1"]
[WhiteElo "1661"]
[BlackElo "1968"]
[PlyCount "126"]
[EventDate "2021.04.24"]
[EventType "swiss (rapid)"]
[EventRounds "8"]
[EventCountry "NET"]
[SourceTitle "EXT 2023"]
[Source "ChessBase"]
[SourceDate "2022.10.05"]
[SourceVersion "1"]
[SourceVersionDate "2022.10.05"]
[SourceQuality "1"]

1. c4 e6 2. b3 d5 3. Bb2 Nf6 4. g3 b6 5. Bg2 Bb7 6. e3 Nbd7 7. Ne2 Rc8 8. 0-0 c5 9. d4 Be7 10. Nd2 Qc7 11. Rc1 dxc4 12. Nxc4 Bxg2 13. Kxg2 b5 14. Nd2 Qb7+ 15. Nf3 0-0 16. dxc5 Nxc5 17. Ned4 Rfd8 18. Qe2 a6 19. Rfd1 Nd5 20. Ba3 b4 21. Bb2 Ne4 22. Qd3 Ndc3 23. Bxc3 Nxc3 24. Kg1 Nxd1 25. Rxd1 Bf6 26. Qe2 h6 27. Re1 Rc7 28. h4 Rdc8 29. g4 Qe4 30. Nd2 Qg6 31. Nc4 Bxh4 32. Qf3 Bf6 33. Ne2 h5 34. Nf4 Qxg4+ 35. Qxg4 hxg4 36. Rd1 Rd8 37. Rc1 Rd2 38. Nxd2 Rxc1+ 39. Kg2 Rc2 40. Ne4 Rxa2 41. Nd3 a5 42. Nec5 Be7 43. Na4 Ra3 44. Ndc5 Bxc5 45. Nxc5 f5 46. Kg3 Kf7 47. Kf4 Kf6 48. e4 g5+ 49. Ke3 a4 50. Nxa4 Rxb3+ 51. Kd4 Rf3 52. e5+ Kf7 53. Kc4 Rxf2 54. Kxb4 Rf4+ 55. Kb3 Rxa4 56. Kxa4 g3 57. Kb5 g2 58. Ka6 g1Q 59. Ka5 Qb1 60. Ka4 g4 61. Ka3 g3 62. Ka4 g2 63. Ka3 g1Q 0-1

[Event "EU-ch Amateur Online 1700/2000"]
[Site "Tornelo INT"]
[Date "2021.04.24"]
[Round "6"]
[White "Raag, Ardi"]
[Black "Lemoni, Maria Ioanna"]
[Result "0-1"]
[WhiteElo "1861"]
[BlackElo "1661"]
[PlyCount "146"]
[EventDate "2021.04.24"]
[EventType "swiss (rapid)"]
[EventRounds "8"]
[EventCountry "NET"]
[SourceTitle "EXT 2023"]
[Source "ChessBase"]
[SourceDate "2022.10.05"]
[SourceVersion "1"]
[SourceVersionDate "2022.10.05"]
[SourceQuality "1"]

1. e4 c5 2. c3 d5 3. exd5 Qxd5 4. d4 Nf6 5. Nf3 Bf5 6. Be2 Nc6 7. Na3 cxd4 8. Nb5 Qd8 9. Nfxd4 Nxd4 10. Nxd4 Bd7 11. Bf4 e6 12. Nb5 Nd5 13. Nd6+ Bxd6 14. Bxd6 Bc6 15. Bc5 b6 16. Ba3 Nf4 17. Bf3 Nxg2+ 18. Bxg2 Bxg2 19. Qxd8+ Rxd8 20. Rg1 Be4 21. Rxg7 Bg6 22. h4 Rd5 23. Rd1 Rxd1+ 24. Kxd1 Kd7 25. Ke1 h5 26. Bb4 e5 27. f4 exf4 28. Kf2 Ke6 29. c4 Kf5 30. Bc3 Rc8 31. Kf3 Rxc4 32. Rg8 Re4 33. Ra8 Re3+ 34. Kf2 a5 35. Rb8 Re6 36. Kf3 Rd6 37. Rb7 Rd3+ 38. Kf2 Kg4 39. Rxb6 Kxh4 40. Bxa5 Kg4 41. Rc6 h4 42. Rc1 h3 43. Rg1+ Rg3 44. Bd2 Be4 45. Bxf4 Kxf4 46. Rxg3 h2 47. Rh3 h1Q 48. Rxh1 Bxh1 49. b4 Ke5 50. Ke3 Kd5 51. Kf4 Kc4 52. a3 Kb3 53. Kf5 Bd5 54. Kf6 Ka4 55. Ke5 Bc4 56. Kf6 Kb5 57. Ke5 Kc6 58. Kf6 Kd6 59. a4 Kd7 60. b5 Ke8 61. b6 Ba6 62. a5 Bb7 63. Ke5 Ke7 64. Kf5 f6 65. Kf4 Ke6 66. Ke3 Ke5 67. Kf2 f5 68. Kg3 f4+ 69. Kf2 Ke4 70. Ke2 f3+ 71. Kf2 Kf4 72. Ke1 Kg3 73. Kf1 Ba6+ 0-1

[Event "EU-ch Amateur Online Final 1400/1700"]
[Site "Tornelo INT"]
[Date "2021.04.18"]
[Round "9"]
[White "Kouvaras, Andreas"]
[Black "Lemoni, Maria Ioanna"]
[Result "0-1"]
[WhiteElo "1484"]
[BlackElo "1661"]
[PlyCount "194"]
[EventDate "2021.04.18"]
[EventType "swiss (rapid)"]
[EventRounds "9"]
[EventCountry "NET"]
[SourceTitle "EXT 2023"]
[Source "ChessBase"]
[SourceDate "2022.10.05"]
[SourceVersion "1"]
[SourceVersionDate "2022.10.05"]
[SourceQuality "1"]

1. b3 d5 2. e3 Nf6 3. Bb2 c6 4. Ne2 Nbd7 5. d3 e5 6. Nd2 Bd6 7. h3 0-0 8. a3 Re8 9. g4 e4 10. d4 Nf8 11. c4 N6d7 12. c5 Bc7 13. Qc2 Qh4 14. Nc3 Nf6 15. Bg2 N8d7 16. b4 b6 17. Nb3 Ba6 18. 0-0-0 bxc5 19. Nxc5 Bc4 20. Bf1 Bxf1 21. Rdxf1 Nb6 22. Qe2 a5 23. b5 cxb5 24. Nxb5 Bb8 25. Rfg1 h5 26. gxh5 Qxh5 27. Qxh5 Nxh5 28. Rg5 g6 29. Rhg1 Kh7 30. Nc3 Nf6 31. Kc2 Bc7 32. Nb5 Bd8 33. R5g2 Rb8 34. Rb1 Be7 35. Bc3 Nc4 36. a4 Rec8 37. Rb3 Nh5 38. Nd7 Rb7 39. Ne5 Bf8 40. Nxc4 Rxc4 41. Rg5 Nf6 42. Kd2 Rxa4 43. Kc2 Ra2+ 44. Rb2 Rxb2+ 45. Bxb2 Rxb5 46. Rg2 Rb8 47. Rg1 a4 48. Bc3 a3 49. Ra1 Nd7 50. Ra2 Ra8 51. Kb3 Nb6 52. Bb4 Bxb4 53. Kxb4 Nc4 54. Kc5 Rb8 55. Kxd5 Rb2 56. Ra1 Nb6+ 57. Kc5 a2 58. d5 Na4+ 59. Kc4 Rxf2 60. d6 Rd2 61. d7 Nb6+ 62. Kc3 Nxd7 63. Kxd2 Ne5 64. Rxa2 Nc4+ 65. Ke2 Nd6 66. Ra6 Nf5 67. Ra7 Kg7 68. Kf2 Kf6 69. Ra6+ Kg5 70. Ra5 f6 71. Ke2 Kh4 72. Ra4 Kxh3 73. Ra5 Kg3 74. Ra8 Kg4 75. Rf8 Kg5 76. Rg8 Nh6 77. Re8 f5 78. Re7 Ng4 79. Rd7 Ne5 80. Ra7 Kg4 81. Ra1 g5 82. Ra5 Nf3 83. Ra6 Kg3 84. Rg6 g4 85. Rf6 Nh4 86. Rh6 Kh3 87. Rf6 g3 88. Kf1 Nf3 89. Rxf5 g2+ 90. Ke2 g1Q 91. Rxf3+ exf3+ 92. Kxf3 Qg8 93. Kf4 Qf7+ 94. Ke4 Kg4 95. Kd4 Qe6 96. e4 Kf4 97. e5 Qxe5+ 0-1

[Event "EU-ch Amateur Online Final 1400/1700"]
[Site "Tornelo INT"]
[Date "2021.04.18"]
[Round "4"]
[White "Lemoni, Maria Ioanna"]
[Black "Kuzniarz, Maciej"]
[Result "1-0"]
[WhiteElo "1661"]
[BlackElo "1548"]
[PlyCount "55"]
[EventDate "2021.04.18"]
[EventType "swiss (rapid)"]
[EventRounds "9"]
[EventCountry "NET"]
[SourceTitle "EXT 2023"]
[Source "ChessBase"]
[SourceDate "2022.10.05"]
[SourceVersion "1"]
[SourceVersionDate "2022.10.05"]
[SourceQuality "1"]

1. c4 e5 2. g3 Nf6 3. Nc3 d5 4. cxd5 Nxd5 5. Bg2 Nb6 6. e3 Nc6 7. a3 Bf5 8. b4 a6 9. Nge2 Be7 10. 0-0 0-0 11. d4 exd4 12. exd4 Bf6 13. d5 Ne7 14. d6 Nc6 15. Bf4 cxd6 16. Bxd6 Re8 17. Bc5 Nd7 18. Be3 Nde5 19. Nd5 Nc4 20. Nxf6+ Qxf6 21. Bf4 Bg4 22. Re1 Nd4 23. Qxd4 Bxe2 24. Qxf6 gxf6 25. Bxb7 Rad8 26. Bxa6 Bd3 27. Bb5 Nb2 28. Bxe8 1-0

[Event "EU-ch Amateur Online 1400/1700"]
[Site "Tornelo INT"]
[Date "2021.04.17"]
[Round "1"]
[White "Zoltai, Cristian Alexandru"]
[Black "Lemoni, Maria Ioanna"]
[Result "0-1"]
[WhiteElo "1434"]
[BlackElo "1661"]
[PlyCount "54"]
[EventDate "2021.04.17"]
[EventType "swiss (rapid)"]
[EventRounds "8"]
[EventCountry "NET"]
[SourceTitle "EXT 2023"]
[Source "ChessBase"]
[SourceDate "2022.10.05"]
[SourceVersion "1"]
[SourceVersionDate "2022.10.05"]
[SourceQuality "1"]

1. e4 c5 2. Bc4 e6 3. Nc3 a6 4. a4 Ne7 5. f4 d5 6. exd5 exd5 7. Be2 Nbc6 8. Nf3 g6 9. 0-0 Bg7 10. Qe1 0-0 11. d3 Nf5 12. Nd1 Nfd4 13. Nxd4 Nxd4 14. Qd2 Re8 15. Bf3 Nxf3+ 16. Rxf3 Bg4 17. Rf1 Re2 18. Qxe2 Bxe2 19. Re1 Bd4+ 20. Kh1 Bxd1 21. Rxd1 Qe7 22. c3 Bg7 23. Bd2 Qe2 24. Rab1 Re8 25. c4 dxc4 26. dxc4 Qxc4 27. h3 h5 0-1

[Event "Athens Mitsakos Memorial 1st"]
[Site "Athens"]
[Date "2018.12.15"]
[Round "7"]
[White "Papahristoudis, Anastasios"]
[Black "Lemoni, Maria Ioanna"]
[Result "0-1"]
[WhiteElo "1977"]
[BlackElo "1620"]
[PlyCount "48"]
[EventDate "2018.11.03"]
[EventType "swiss"]
[EventRounds "7"]
[EventCountry "GRE"]
[SourceTitle "EXT 2020"]
[Source "ChessBase"]
[SourceDate "2019.10.17"]
[SourceVersion "1"]
[SourceVersionDate "2019.10.17"]
[SourceQuality "1"]

1. d4 Nf6 2. Nf3 e6 3. e3 b6 4. Bd3 Bb7 5. 0-0 c5 6. Nbd2 Nc6 7. b3 cxd4 8. exd4 Nb4 9. Be2 Nbd5 10. Bb2 Nf4 11. Bc4 g5 12. d5 g4 13. Nh4 Rg8 14. dxe6 fxe6 15. f3 Bc5+ 16. Kh1 g3 17. Qe1 N6h5 18. Nf5 Qg5 19. Nxg3 Nxg3+ 20. Qxg3 Qxg3 21. hxg3 Rg6 22. Bg7 Nh5 23. Be5 Rh6 24. g4 Ng3# 0-1

[Event "Athens Mitsakos Memorial 1st"]
[Site "Athens"]
[Date "2018.12.08"]
[Round "6"]
[White "Lemoni, Maria Ioanna"]
[Black "Ignatiadis, Konstantinos"]
[Result "0-1"]
[WhiteElo "1620"]
[BlackElo "2034"]
[PlyCount "76"]
[EventDate "2018.11.03"]
[EventType "swiss"]
[EventRounds "7"]
[EventCountry "GRE"]
[SourceTitle "EXT 2020"]
[Source "ChessBase"]
[SourceDate "2019.10.17"]
[SourceVersion "1"]
[SourceVersionDate "2019.10.17"]
[SourceQuality "1"]

1. c4 e5 2. g3 Nf6 3. Bg2 Bc5 4. a3 a5 5. e3 Nc6 6. Ne2 d6 7. Nbc3 0-0 8. 0-0 Re8 9. d4 Ba7 10. Nd5 Bg4 11. f3 Bd7 12. Nxf6+ Qxf6 13. d5 Ne7 14. Kh1 Nf5 15. Qd3 Qg6 16. e4 Nd4 17. Nxd4 Bxd4 18. f4 f6 19. f5 Qf7 20. g4 a4 21. Be3 c5 22. dxc6 Bxc6 23. Bxd4 exd4 24. Qxd4 Re5 25. Qxd6 Qxc4 26. Rac1 Qf7 27. Rfe1 Rae8 28. h3 h6 29. Qd4 Kh7 30. Rc5 Qb3 31. Rxe5 Rxe5 32. Re3 Qc2 33. h4 Qf2 34. h5 Qf4 35. Bf3 Qg3 36. Be2 Qf2 37. Bf3 Rb5 38. Qc3 Rxb2 0-1

[Event "GRE-ch (Women) 39th"]
[Site "Athens"]
[Date "2017.03.14"]
[Round "4"]
[White "Lemoni, Maria Ioanna"]
[Black "Pavlidou, Ekaterini"]
[Result "1/2-1/2"]
[WhiteElo "1633"]
[BlackElo "2166"]
[PlyCount "114"]
[EventDate "2017.03.11"]
[EventType "tourn"]
[EventRounds "9"]
[EventCountry "GRE"]
[SourceTitle "EXT 2024"]
[Source "ChessBase"]
[SourceDate "2023.10.10"]
[SourceVersion "1"]
[SourceVersionDate "2023.10.10"]
[SourceQuality "1"]

1. c4 g6 2. Nc3 Bg7 3. g3 c5 4. Bg2 Nc6 5. e4 d6 6. Nge2 e6 7. 0-0 Nge7 8. d3 0-0 9. a3 Nd4 10. Rb1 a6 11. b4 Nec6 12. Nxd4 cxd4 13. Ne2 e5 14. f4 f5 15. a4 Qe7 16. Bd2 Kh8 17. b5 Nd8 18. fxe5 fxe4 19. exd6 Rxf1+ 20. Qxf1 Qxd6 21. Bxe4 axb5 22. axb5 Be6 23. Nf4 Ra2 24. Bb4 Qd7 25. Ra1 Rxa1 26. Qxa1 Bf6 27. Qa8 Qc8 28. Qxc8 Bxc8 29. Nd5 Kg7 30. Bc5 Ne6 31. Ba7 Bd8 32. Bb6 Bf6 33. Bg2 Kf7 34. Bh3 Be5 35. Ba7 Bd7 36. Bg2 Nd8 37. Nb4 Bf5 38. Kf1 Bc7 39. Bxd4 Ba5 40. Bd5+ Ke8 41. Na2 Bxd3+ 42. Kf2 Kd7 43. g4 Bc7 44. Nb4 Bb1 45. h3 Ba5 46. Bc3 Kd6 47. Ke2 h5 48. Kd2 h4 49. Kc1 Bd3 50. c5+ Kd7 51. Nxd3 Bxc3 52. g5 Bd4 53. Kd2 Ne6 54. Bxb7 Nxc5 55. Nxc5+ Bxc5 56. Be4 Be7 57. Bxg6 Bxg5+ 1/2-1/2

[Event "Aegean op 39th"]
[Site "Aghios Kirykos"]
[Date "2016.07.11"]
[Round "1"]
[White "Pel, Bonno"]
[Black "Lemoni, Maria Ioanna"]
[Result "1-0"]
[WhiteElo "2285"]
[BlackElo "1684"]
[PlyCount "79"]
[EventDate "2016.07.11"]
[EventType "swiss"]
[EventRounds "9"]
[EventCountry "GRE"]
[SourceTitle "CBM 173 Extra"]
[Source "ChessBase"]
[SourceDate "2016.08.29"]
[SourceVersion "1"]
[SourceVersionDate "2016.08.29"]
[SourceQuality "1"]

1. g3 e5 2. Bg2 d6 3. Nf3 f5 4. 0-0 Nf6 5. d4 e4 6. Ng5 d5 7. f3 Be7 8. b3 c5 9. dxc5 Bxc5+ 10. Kh1 0-0 11. Nc3 Nc6 12. Bb2 a6 13. Qd2 d4 14. Na4 Ba7 15. c4 b5 16. cxb5 axb5 17. Rfc1 Qd6 18. Nc3 e3 19. Qd1 Rb8 20. a4 bxa4 21. Ba3 Qd8 22. Nxa4 Na5 23. b4 Nb7 24. Qb3+ Qd5 25. Qxd5+ Nxd5 26. f4 Nb6 27. Nxb6 Bxb6 28. Bd5+ Kh8 29. b5 Rf6 30. Rxc8+ Rxc8 31. Bxb7 Rb8 32. Bd5 h6 33. Nf3 Rd8 34. Bc4 Rc8 35. Ne5 g6 36. Be7 Bd8 37. Bxf6+ Bxf6 38. Bd3 Kg7 39. Ra7+ Kg8 40. Bc4+ 1-0

[Event "GRE-chT 44th"]
[Site "Achaia"]
[Date "2016.07.09"]
[Round "6.2"]
[White "Lemoni, Maria Ioanna"]
[Black "Kratimenou, Maria"]
[Result "1-0"]
[WhiteElo "1684"]
[BlackElo "1184"]
[PlyCount "67"]
[EventDate "2016.07.05"]
[EventType "team-swiss"]
[EventRounds "7"]
[EventCountry "GRE"]
[SourceTitle "CBM 173 Extra"]
[Source "ChessBase"]
[SourceDate "2016.08.29"]
[SourceVersion "1"]
[SourceVersionDate "2016.08.29"]
[SourceQuality "1"]
[WhiteTeam "Nikaia Fysiolatris"]
[BlackTeam "Panionios GS"]
[WhiteTeamCountry "GRE"]
[BlackTeamCountry "GRE"]

1. c4 c6 2. Nc3 d5 3. e3 Nf6 4. Nf3 e6 5. Qc2 Bd6 6. b3 0-0 7. Bb2 h6 8. Be2 b6 9. 0-0 Bb7 10. h3 Qd7 11. Rac1 Qe7 12. cxd5 Nxd5 13. Nxd5 cxd5 14. Qc3 f6 15. Nd4 Rc8 16. Qd3 Nc6 17. Nxc6 Bxc6 18. Qg6 Ba3 19. Bxa3 Qxa3 20. Bd3 Qxa2 21. Qh7+ Kf7 22. Bg6+ Ke7 23. Qxg7+ Kd6 24. Qxf6 Qxb3 25. Rb1 Qc4 26. d3 Qa6 27. e4 Bb5 28. exd5 Bxd3 29. Qxe6+ Kc7 30. Rfc1+ Kb8 31. Qd6+ Kb7 32. Qd7+ Kb8 33. Bxd3 Qxd3 34. Rxc8# 1-0

[Event "GRE-ch U16 Girls"]
[Site "Porto Rio"]
[Date "2016.07.02"]
[Round "7"]
[White "Stratigi, Evangelia"]
[Black "Lemoni, Maria Ioanna"]
[Result "1-0"]
[WhiteElo "1565"]
[BlackElo "1684"]
[PlyCount "71"]
[EventDate "2016.06.28"]
[EventType "swiss"]
[EventRounds "9"]
[EventCountry "GRE"]
[SourceTitle "CBM 173 Extra"]
[Source "ChessBase"]
[SourceDate "2016.08.29"]
[SourceVersion "1"]
[SourceVersionDate "2016.08.29"]
[SourceQuality "1"]

1. e4 e5 2. Nf3 Nc6 3. Bb5 Nge7 4. 0-0 g6 5. c3 a6 6. Ba4 Bg7 7. d3 0-0 8. Re1 b5 9. Bb3 h6 10. Be3 Kh8 11. d4 exd4 12. Nxd4 Na5 13. Bc2 Nc4 14. Bc1 Bb7 15. Nd2 Nxd2 16. Bxd2 c5 17. Nb3 Rc8 18. Be3 d6 19. Qd2 Kh7 20. Rad1 c4 21. Nd4 d5 22. e5 Bxe5 23. Bxh6 Bg7 24. Bg5 Re8 25. Re3 f6 26. Rh3+ Kg8 27. Ne6 Qd7 28. Nxg7 Kxg7 29. Qd4 Qe6 30. Bxf6+ Kf7 31. Rh7+ Kg8 32. Rg7+ Kf8 33. Bxe7+ Rxe7 34. Rxe7 Kxe7 35. Qg7+ Kd8 36. Qxb7 1-0

[Event "GRE-ch U16 Girls"]
[Site "Kavala"]
[Date "2016.01.05"]
[Round "5"]
[White "Lemoni, Maria Ioanna"]
[Black "Pasoglou, Ekaterini"]
[Result "1/2-1/2"]
[WhiteElo "1520"]
[BlackElo "1828"]
[PlyCount "51"]
[EventDate "2016.01.02"]
[EventType "swiss"]
[EventRounds "9"]
[EventCountry "GRE"]
[SourceTitle "EXT 2024"]
[Source "ChessBase"]
[SourceDate "2023.10.10"]
[SourceVersion "1"]
[SourceVersionDate "2023.10.10"]
[SourceQuality "1"]

1. e4 c5 2. Nf3 d6 3. d4 cxd4 4. Nxd4 Nf6 5. Nc3 a6 6. Be3 e5 7. Nb3 Be6 8. f3 Nbd7 9. Qd2 Be7 10. 0-0-0 0-0 11. g4 b5 12. g5 Ne8 13. f4 b4 14. Ne2 a5 15. f5 a4 16. fxe6 axb3 17. exf7+ Rxf7 18. cxb3 Rxa2 19. Ng3 Rxf1 20. Rhxf1 Ra1+ 21. Kc2 Qc8+ 22. Kd3 Qa6+ 23. Kc2 Qc8+ 24. Kd3 Qa6+ 25. Kc2 Qc8+ 26. Kd3 1/2-1/2

[Event "GRE-chT 43rd"]
[Site "Porto Rio"]
[Date "2015.10.10"]
[Round "5.2"]
[White "Lemoni, Maria Ioanna"]
[Black "Grafakou, Sotiria Aphrodite"]
[Result "1/2-1/2"]
[WhiteElo "1568"]
[BlackElo "1588"]
[PlyCount "117"]
[EventDate "2015.10.08"]
[EventType "team-swiss"]
[EventRounds "7"]
[EventCountry "GRE"]
[SourceTitle "CBM 168 Extra"]
[Source "ChessBase"]
[SourceDate "2015.10.29"]
[SourceVersion "1"]
[SourceVersionDate "2015.10.29"]
[SourceQuality "1"]
[WhiteTeam "Nice Fysiolatris"]
[BlackTeam "Von Heraklion Contact"]
[WhiteTeamCountry "GRE"]
[BlackTeamCountry "GRE"]

1. d4 Nf6 2. Nf3 e6 3. c4 Bb4+ 4. Bd2 Be7 5. Nc3 d5 6. g3 c5 7. cxd5 Nxd5 8. Nxd5 Qxd5 9. dxc5 Bxc5 10. Bg2 Nc6 11. 0-0 Be7 12. Qc2 Qc5 13. Qb3 0-0 14. Rac1 Qd6 15. Rfd1 Rd8 16. a3 Qc7 17. Qc4 Bd7 18. b4 a6 19. Nd4 Rac8 20. Nxc6 Bxc6 21. Bxc6 Qxc6 22. Qxc6 bxc6 23. Be3 Kf8 24. Rxd8+ Bxd8 25. a4 Ke7 26. Bc5+ Kd7 27. Rd1+ Ke8 28. Bd4 Be7 29. Bc3 Rb8 30. Rb1 f6 31. f4 c5 32. b5 axb5 33. axb5 Bd8 34. e4 Kd7 35. Kf2 Kc7 36. Ke3 Ra8 37. Kd3 Kb6 38. f5 exf5 39. exf5 Ra4 40. Kc2 Ra2+ 41. Kb3 Rxh2 42. Rd1 Bc7 43. Rd7 g6 44. fxg6 hxg6 45. Ka4 Ra2+ 46. Kb3 Ra8 47. Rg7 Bxg3 48. Rxg6 Bc7 49. Kc4 Ra4+ 50. Kb3 Kxb5 51. Rxf6 Re4 52. Rf7 Bb6 53. Rf5 Re3 54. Kc2 Kc4 55. Rf4+ Kd5 56. Rf5+ Kc4 57. Rf4+ Kd5 58. Rf5+ Kc4 59. Rf4+ 1/2-1/2

[Event "GRE-ch U16 Girls"]
[Site "Rio Achaia"]
[Date "2015.06.30"]
[Round "5.6"]
[White "Lemoni, Maria Ioanna"]
[Black "Lalou, Konstantina"]
[Result "0-1"]
[WhiteElo "1502"]
[BlackElo "1406"]
[PlyCount "96"]
[EventDate "2015.06.26"]
[EventType "swiss"]
[EventRounds "9"]
[EventCountry "GRE"]
[SourceTitle "EXT 2024"]
[Source "ChessBase"]
[SourceDate "2023.10.10"]
[SourceVersion "1"]
[SourceVersionDate "2023.10.10"]
[SourceQuality "1"]

1. d4 d5 2. Nf3 Nf6 3. e3 e6 4. Bd3 Be7 5. Nbd2 0-0 6. 0-0 b6 7. b3 Bb7 8. Bb2 Nbd7 9. c4 c5 10. Rc1 Rc8 11. Bb1 Ba6 12. Ne5 cxd4 13. Bxd4 Nxe5 14. Bxe5 Bb4 15. Qc2 g6 16. Qb2 Nd7 17. Bg7 Re8 18. Bh6 f6 19. Rfd1 Qe7 20. Qd4 Bc5 21. Qg4 Ne5 22. Qg3 dxc4 23. Nxc4 Nxc4 24. bxc4 Rc6 25. h4 Bd6 26. Qf3 Rec8 27. h5 g5 28. Qe4 Rxc4 29. Rxc4 Rxc4 30. Qa8+ Rc8 31. Qe4 Bb7 32. Qd3 Rd8 33. Qe2 Bc5 34. Rf1 Qd6 35. Qg4 Kh8 36. Bc2 Qe7 37. e4 e5 38. g3 Rd2 39. Bb3 Qd7 40. Be6 Qe7 41. Qf5 Rd4 42. Bd5 Ba6 43. Rc1 Rd2 44. Rxc5 bxc5 45. Bxg5 fxg5 46. Be6 Rd8 47. h6 Rf8 48. Qxe5+ Qf6 0-1

[Event "GRE-ch U18 Girls"]
[Site "Kavala"]
[Date "2015.01.05"]
[Round "5"]
[White "Lemoni, Maria Ioanna"]
[Black "Kokkota, Eleni"]
[Result "0-1"]
[WhiteElo "1525"]
[BlackElo "1691"]
[PlyCount "64"]
[EventDate "2015.01.02"]
[EventType "swiss"]
[EventRounds "9"]
[EventCountry "GRE"]
[SourceTitle "EXT 2024"]
[Source "ChessBase"]
[SourceDate "2023.10.10"]
[SourceVersion "1"]
[SourceVersionDate "2023.10.10"]
[SourceQuality "1"]

1. e4 c6 2. d4 d5 3. Nc3 dxe4 4. Nxe4 Nd7 5. Nf3 Ngf6 6. Bd3 Nxe4 7. Bxe4 Nf6 8. Bd3 Bg4 9. Be3 e6 10. h3 Bxf3 11. Qxf3 Qd5 12. Qxd5 Nxd5 13. Bd2 Bd6 14. c4 Nf6 15. 0-0-0 0-0-0 16. Be3 Kb8 17. g4 e5 18. dxe5 Bxe5 19. Be2 h6 20. f4 Bc7 21. Bf3 Rhe8 22. Rxd8+ Bxd8 23. Bd2 Nd7 24. Re1 Rxe1+ 25. Bxe1 Bc7 26. Bd2 Nc5 27. Kc2 Ne6 28. f5 Nd4+ 29. Kd3 Nxf3 30. Bc3 Be5 31. Bxe5+ Nxe5+ 32. Kd4 f6 0-1

[Event "GRE-ch U14 Girls"]
[Site "Greece"]
[Date "2014.07.10"]
[Round "9"]
[White "Bouza, Mirto Eleni"]
[Black "Lemoni, Maria Ioanna"]
[Result "1/2-1/2"]
[WhiteElo "1314"]
[BlackElo "1577"]
[PlyCount "89"]
[EventDate "2014.07.04"]
[EventType "swiss"]
[EventRounds "9"]
[EventCountry "GRE"]
[SourceTitle "EXT 2017"]
[Source "ChessBase"]
[SourceDate "2016.10.25"]
[SourceVersion "1"]
[SourceVersionDate "2016.10.25"]
[SourceQuality "1"]

1. e4 c5 2. Nf3 Nc6 3. d4 cxd4 4. Nxd4 g6 5. c4 Bg7 6. Be3 Nf6 7. Nc3 0-0 8. Be2 d6 9. 0-0 Bd7 10. Qd2 a5 11. b3 a4 12. f3 Qa5 13. Rab1 Nxd4 14. Bxd4 axb3 15. axb3 Be6 16. Rfc1 Qb4 17. Rc2 Ra3 18. Nb5 Qxd2 19. Rxd2 Ra5 20. b4 Ra4 21. Nc7 Nd7 22. Nxe6 fxe6 23. Bxg7 Kxg7 24. c5 Nb8 25. cxd6 exd6 26. Rxd6 e5 27. Re6 Nc6 28. Bb5 Rxb4 29. Rxb4 Nxb4 30. Rxe5 Rf7 31. Bc4 Rc7 32. Bb5 Kf7 33. Kf2 Rc2+ 34. Kg3 Rc8 35. Bd7 Rc7 36. Rb5 Nd3 37. Rd5 Nc5 38. Bb5 Ke7 39. Kf4 Kf6 40. Rd6+ Ke7 41. Ke5 Nb3 42. Re6+ Kf7 43. Kd6 Nd4 44. Re5 Rc2 45. Re7+ 1/2-1/2

[Event "GRE-ch U14 Girls"]
[Site "Greece"]
[Date "2014.07.07"]
[Round "6"]
[White "Pasoglou, Ekaterini"]
[Black "Lemoni, Maria Ioanna"]
[Result "1/2-1/2"]
[WhiteElo "1612"]
[BlackElo "1577"]
[PlyCount "90"]
[EventDate "2014.07.04"]
[EventType "swiss"]
[EventRounds "9"]
[EventCountry "GRE"]
[SourceTitle "EXT 2017"]
[Source "ChessBase"]
[SourceDate "2016.10.25"]
[SourceVersion "1"]
[SourceVersionDate "2016.10.25"]
[SourceQuality "1"]

1. e4 c5 2. Nf3 Nc6 3. d4 cxd4 4. Nxd4 g6 5. Nc3 Bg7 6. Be3 Nf6 7. f3 0-0 8. Bc4 Qb6 9. Qd3 Ne5 10. Bxf7+ Rxf7 11. Qb5 Qxb5 12. Ndxb5 Nc6 13. 0-0-0 a6 14. Nc7 Rb8 15. Bb6 d6 16. N3d5 Nd7 17. Be3 b5 18. Ne6 a5 19. h4 Nf6 20. Nxg7 Kxg7 21. Nxf6 Rxf6 22. h5 Be6 23. Kb1 gxh5 24. Rxh5 Bf7 25. Rh4 e5 26. Rdh1 Bg6 27. Bh6+ Kg8 28. Bg5 Rf7 29. Rd1 Rd7 30. Rhh1 Bf7 31. Rh6 Bg6 32. Rd2 d5 33. Rxd5 Rxd5 34. exd5 Nb4 35. d6 Nxc2 36. Rxg6+ hxg6 37. Kxc2 Rb7 38. Bf6 Kf7 39. Bxe5 Ke6 40. Bg3 g5 41. Be1 a4 42. Bg3 g4 43. fxg4 Rg7 44. Bf4 Rxg4 45. g3 Rg7 1/2-1/2